000 01218cam a22002174a 4500
005 20250605164238.0
008 250528s ||||||||||||||||||||||||d
035 _a21219
020 _a9780763737696
040 _aGR-AtMCL
_bgre
_dGR-AtMCL
_eAACR2
245 1 _aThe Essentials of Computer Organization and Architecture / Second Edition
250 _a2nd
260 _bJones And Bartlett Learning,
_c2006
300 _a802
520 _aA comprehensive resource that addresses all of the necessary organization and architecture topics, yet is concise enough to cover in a single semester. Introduction, Data Representation in Computer Systems, Boolean Algebra and Digital Logic, An Introduction to a Simple Computer, A Closer Look at Instruction Set Architectures, Memory, Input/ Output and Storage Systems, System Software, Alternative Architectures, Topics in Embedded Systems, Performance Measurement and Analysis, Network Organization and Architecture, Selected Storage Systems and Interfaces, Data Structures and the Computer, Glossary, Answers and Hints for Selected Exercises, Index.
700 1 _aLobur Julia
_97240
700 1 _aNull Linda
_97241
942 _cBK
999 _c6286
_d6286